| 000 | 00464nam a22001937a 4500 | ||
|---|---|---|---|
| 999 |
_c11055 _d11055 |
||
| 003 | OSt | ||
| 008 | 220112b ||||| |||| 00| 0 eng d | ||
| 020 | _a9789382291565 | ||
| 082 | _a005.73 DOP | ||
| 100 | _aDOAN,Anhai | ||
| 245 | _aPrinciples of Data Integration | ||
| 250 | _a1st | ||
| 260 |
_aNew Delhi _bElsevier Morgan Kaufmann Pub. _c2013 |
||
| 300 | _a497 | ||
| 650 | _aMCA | ||
| 700 | _aHALEVY,Alon | ||
| 700 | _aIVES,Zschary | ||
| 942 |
_2ddc _cBK _01 |
||